| 000 | 00525cam a2200217ua 4500 | ||
|---|---|---|---|
| 020 | _c70.00 | ||
| 041 |
_aeng _h |
||
| 082 |
_a624.17 _bPRA/TE |
||
| 100 | _aPrasad, I B . | ||
| 245 |
_aText book of strength of materials / _cI B Prasad. _hTextual Documents |
||
| 250 |
_a9 / _b. |
||
| 260 |
_aDelhi : _bKhanna publishers , _c1993. |
||
| 300 | _a1039 ; . | ||
| 365 | _a70.00 | ||
| 500 | _a1915-52 Scheme | ||
| 504 | _a | ||
| 942 | _cBK | ||
| 999 |
_c7399 _d7399 |
||